| 000 | 00492nam a2200205Ia 4500 | ||
|---|---|---|---|
| 008 | 210210b1956 xxu||||| |||| 00| 0 eng d | ||
| 041 | _aeng | ||
| 082 | _a825/638 | ||
| 100 | _aPARKIN (Charles) | ||
| 245 | _aMoral basis of burkes political thought | ||
| 260 |
_aCambridge _bAt the University Press _c1956 |
||
| 650 | _athought | ||
| 650 | _apolitical | ||
| 650 | _aof | ||
| 650 | _aMoral | ||
| 650 | _aburkes | ||
| 650 | _abasis | ||
| 690 | _aEnglish Criticism | ||
| 906 | _a014954 | ||
| 999 |
_c134184 _d134184 |
||